000
003350000a22001570004500
003
MACL
040
_a
MACL
090
_c
49797
_d
49795
100
_a
shivalik
245
_a
Dictionary of Festivals
260
_a
Delhi
_b
Shivalik Publication
_c
2009
350
_a
225
650
_a
Dictionary
942
_c
BOOK
_k
403
951
_o
403 BOOK
999
_c
49270
_d
49270